Normal view
MARC view
- Gilchrist ,Alan
Entry Personal Name
001 - CONTROL NUMBER
- control field: 104060
003 - CONTROL NUMBER IDENTIFIER
- control field: NUST
005 - DATE AND TIME OF LATEST TRANSACTION
- control field: 20221202184112.0
008 - FIXED-LENGTH DATA ELEMENTS
- fixed length control field: 221202|| aca||aabn | a|a d
040 ## - CATALOGING SOURCE
- Original cataloging agency: NUST
- Transcribing agency: NUST
100 ## - HEADING--PERSONAL NAME
- Personal name: Gilchrist ,Alan
670 ## - SOURCE DATA FOUND
- Source citation: Work cat.: (NUST)193692: Gilchrist ,Alan, Classification/Thesaurus for Sport and physical Recreation (and Allied topics) /, 1981
